Йога для чайников (Запись № 10279417)

Подробности
000 -МАРКЕР
контрольное поле 01580nam0a2200325 i 4500
001 - ИДЕНТИФИКАТОР ЗАПИСИ
контрольное поле RU\NLR\BIBL_A\010829188
005 - ИДЕНТИФИКАТОР ВЕРСИИ
контрольное поле 20241102110214.0
010 ## - МЕЖДУНАРОДНЫЙ СТАНДАРТНЫЙ НОМЕР КНИГИ (ISBN)
Номер (ISBN) 9785845919854
Тираж 400
021 ## - НОМЕР ГОСУДАРСТВЕННОЙ РЕГИСТРАЦИИ
Код страны Российская Федерация
Номер 15-55144
035 ## - ДРУГИЕ СИСТЕМНЫЕ НОМЕРА
Идентификатор записи (NLR Aleph) 010829188
100 ## - ДАННЫЕ ОБЩЕЙ ОБРАБОТКИ
Данные общей обработки 20150904d2015 km y0rusy50 ca
101 1# - ЯЗЫК РЕСУРСА
Язык текста, звукозаписи и т.д. русский
Язык оригинала английский
102 ## - СТРАНА ПУБЛИКАЦИИ ИЛИ ПРОИЗВОДСТВА
Страна публикации Российская Федерация
105 ## - ПОЛЕ КОДИРОВАННЫХ ДАННЫХ: ТЕКСТОВЫЕ МАТЕРИАЛЫ, МОНОГРАФИЧЕСКИЕ
Кодированные данные о монографическом текстовом документе a|||z|||001yy
200 1# - ЗАГЛАВИЕ И СВЕДЕНИЯ ОБ ОТВЕТСТВЕННОСТИ
Основное заглавие Йога для чайников
Первые сведения об ответственности Джордж Фойерштайн, д-р философии, Ларри Пейн, д-р философии
Последующие сведения об ответственности предисл. Лилиас Фолан
-- [пер. с англ. Е.А. Гамоли]
210 ## - ПУБЛИКАЦИЯ, РАСПРОСТРАНЕНИЕ И ДР.
Место издания, распространения и т.д. Москва [и др.]
Имя издателя, распространителя и т. д. Диалектика
-- Вильямс
Дата издания, распространения и т.д. 2015
215 ## - ФИЗИЧЕСКАЯ ХАРАКТЕРИСТИКА
Специфическое обозначение материала и объем 324 с.
Другие сведения о физической характеристике ил.
Размеры 24
225 1# - СЕРИЯ
Основное заглавие серии Ведь это так просто!
300 ## - ОБЩИЕ ПРИМЕЧАНИЯ
Текст примечания Загл. и авт. ориг.: Yoga for dummies/ by Georg Feuerstein, Ph.D. & Larry Payne, Ph.D.
320 ## - ПРИМЕЧАНИЯ О НАЛИЧИИ В ДОКУМЕНТЕ БИБЛИОГРАФИИ / УКАЗАТЕЛЯ
Текст примечания Предм. указ.: с. 321-324
454 #0 - ОРИГИНАЛ (ПЕРЕВОДА)
Встроенное поле 2001#$aYoga for dummies$fby Georg Feuerstein, Ph.D. & Larry Payne, Ph.D.
-- 700#1$aFeuerstein$bG.$gGeorg$f1947-$3RU\NLR\AUTH\770149500
-- 701#1$aPayne$bL.$gLarry
Заглавие Yoga for dummies
Автор Feuerstein, Georg (1947-)
606 ## - НАИМЕНОВАНИЕ ТЕМЫ КАК ПРЕДМЕТ
Наименование темы Здоровье
Формальный подзаголовок Популярные издания
Тематический подзаголовок Влияние гимнастики йогов
Системный номер авторитетной/нормативной записи 1420253
Идентификатор авторитетной/нормативной записи RU\NLR\AUTH\66287967
686 1# - ИНДЕКСЫ ДРУГИХ КЛАССИФИКАЦИЙ
Индекс Р359.121я9
700 #1 - ИМЯ ЛИЦА - ПЕРВИЧНАЯ ОТВЕТСТВЕННОСТЬ
Графика поля Кириллица
Материалы, к которым относится поле rus
Начальный элемент ввода Фойерштайн
Часть имени, кроме начального элемента ввода Д.
Даты 1947-
Расширение инициалов личного имени Джордж
Системный номер авторитетной/нормативной записи 149459
Идентификатор авторитетной/нормативной записи RU\NLR\AUTH\770149495
701 #1 - ИМЯ ЛИЦА - АЛЬТЕРНАТИВНАЯ ОТВЕТСТВЕННОСТЬ
Начальный элемент ввода Пейн
Часть имени, кроме начального элемента ввода Л.
Расширение инициалов личного имени Ларри
942 ## - ДОПОЛНИТЕЛЬНЫЕ ЭЛЕМЕНТЫ ЗАПИСИ (АБИС)
Тип экземпляра АБИС Книга
980 ## - КОЛЛЕКЦИЯ
Название коллекции НБР

Нет доступных экземпляров.